h1

h2

h3

h4

h5
h6
000817014 001__ 817014
000817014 005__ 20260210124136.0
000817014 0247_ $$2ISSN$$a2633-7762
000817014 0247_ $$2SCOPUS$$aSCOPUS:2-s2.0-85110317751
000817014 0247_ $$2datacite_doi$$a10.18154/RWTH-2021-03615
000817014 0247_ $$2doi$$a10.1017/dsd.2020.98
000817014 037__ $$aRWTH-2021-03615
000817014 041__ $$aEnglish
000817014 082__ $$a620
000817014 1001_ $$0P:(DE-82)IDM00379$$aRiesener, Michael$$b0$$urwth
000817014 1112_ $$a16. International Conference on Engineering Design$$conline$$d2020-10-26 - 2020-10-29$$gDESIGN 2020
000817014 245__ $$aDerivation of Description Features for Engineering Change Request by Aid of Latent Dirichlet Allocation$$honline
000817014 260__ $$aCambridge$$bCambridge University Press$$c2020
000817014 3367_ $$00$$2EndNote$$aJournal Article
000817014 3367_ $$0PUB:(DE-HGF)16$$2PUB:(DE-HGF)$$aJournal Article$$bjournal$$mjournal
000817014 3367_ $$0PUB:(DE-HGF)8$$2PUB:(DE-HGF)$$aContribution to a conference proceedings
000817014 3367_ $$2BibTeX$$aARTICLE
000817014 3367_ $$2DRIVER$$aarticle
000817014 3367_ $$2DataCite$$aOutput Types/Journal article
000817014 3367_ $$2ORCID$$aJOURNAL_ARTICLE
000817014 500__ $$aKonferenzort: Cavtat, Croatia
000817014 536__ $$0G:(GEPRIS)390621612$$aDFG project 390621612 - EXC 2023: Internet of Production (IoP) (390621612)$$c390621612$$x0
000817014 588__ $$aDataset connected to CrossRef, Journals: publications.rwth-aachen.de
000817014 591__ $$aGermany
000817014 653_7 $$aInnovationsmanagement
000817014 653_7 $$aProduktentwicklung
000817014 7001_ $$0P:(DE-82)IDM01269$$aDölle, Christian$$b1$$urwth
000817014 7001_ $$0P:(DE-82)IDM03786$$aMendl-Heinisch, Michael Otto$$b2$$urwth
000817014 7001_ $$0P:(DE-82)IDM00801$$aSchuh, Günther$$b3$$urwth
000817014 7001_ $$0P:(DE-82)IDM04751$$aKeuper, Alexander$$b4$$eCorresponding author$$urwth
000817014 770__ $$aProceedings of the Design Society: DESIGN Conference, Volume 1 - May 2020
000817014 773__ $$0PERI:(DE-600)3033959-5$$a10.1017/dsd.2020.98$$p697-706$$tProceedings of the Design Society / DESIGN conference$$v1$$x2633-7762$$y2020
000817014 8564_ $$uhttps://publications.rwth-aachen.de/record/817014/files/817014.pdf$$yOpenAccess
000817014 909CO $$ooai:publications.rwth-aachen.de:817014$$pVDB$$pdnbdelivery$$pdriver$$popen_access$$popenaire
000817014 9101_ $$0I:(DE-588b)36225-6$$6P:(DE-82)IDM00379$$aRWTH Aachen$$b0$$kRWTH
000817014 9101_ $$0I:(DE-588b)36225-6$$6P:(DE-82)IDM01269$$aRWTH Aachen$$b1$$kRWTH
000817014 9101_ $$0I:(DE-588b)36225-6$$6P:(DE-82)IDM03786$$aRWTH Aachen$$b2$$kRWTH
000817014 9101_ $$0I:(DE-588b)36225-6$$6P:(DE-82)IDM00801$$aRWTH Aachen$$b3$$kRWTH
000817014 9101_ $$0I:(DE-588b)36225-6$$6P:(DE-82)IDM04751$$aRWTH Aachen$$b4$$kRWTH
000817014 9141_ $$y2020
000817014 9151_ $$0StatID:(DE-HGF)0031$$2StatID$$aPeer reviewed article$$x0
000817014 915__ $$0LIC:(DE-HGF)CCBYNCND4$$2HGFVOC$$aCreative Commons Attribution-NonCommercial-NoDerivs CC BY-NC-ND 4.0
000817014 915__ $$0StatID:(DE-HGF)0510$$2StatID$$aOpenAccess
000817014 9201_ $$0I:(DE-82)417200_20140620$$k417200$$lWerkzeugmaschinenlabor WZL der RWTH Aachen$$x0
000817014 9201_ $$0I:(DE-82)417210_20140620$$k417210$$lLehrstuhl für Produktionssystematik$$x1
000817014 9201_ $$0I:(DE-82)080067_20181221$$k080067$$lInternet of Production$$x2
000817014 961__ $$c2021-04-09T13:44:29.460291$$x2021-04-09T13:44:29.460291$$z2021-04-09
000817014 9801_ $$aFullTexts
000817014 980__ $$aI:(DE-82)080067_20181221
000817014 980__ $$aI:(DE-82)417200_20140620
000817014 980__ $$aI:(DE-82)417210_20140620
000817014 980__ $$aUNRESTRICTED
000817014 980__ $$aVDB
000817014 980__ $$acontrib
000817014 980__ $$ajournal